| 000 | 01656nam a2200349 i 4500 | ||
|---|---|---|---|
| 003 | DO-SdBNP | ||
| 005 | 20240305073652.0 | ||
| 007 | ta | ||
| 008 | 240207b2005 ao||| |||| 00| 0 spa d | ||
| 020 | _a994511042X | ||
| 040 |
_aDO-SdBNP _bspa _cBNPHU _erda |
||
| 082 | 4 |
_222 _bI37 |
|
| 100 |
_aIncháustegui, María Isabel _929568 |
||
| 245 | 1 | 0 |
_aLengua y Literatura 1 : _beducación media ; 1er. grado ; primer ciclo / _cMaría Isabel Incháustegui, Manuel García Cartagena ; dirección Obdulia García de Escobar ; fotografía José Luis Abad |
| 264 | 1 |
_aSanto Domingo : _bSantillana, _c2005. |
|
| 300 |
_a279 páginas _bilustración, fotografías _c27 cm |
||
| 336 |
_2rdacontent _atexto _btxt |
||
| 337 |
_2rdamedia _asin mediación _bn |
||
| 338 |
_2rdacarrier _avolumen _bnc |
||
| 490 | _aAmbar | ||
| 500 | _aLibro de texto. | ||
| 500 | _aEducación media. | ||
| 505 |
_gUnidad 1 -- _tReflexionar en tiempos difíciles -- _gUnidad 2 -- _tCreencias propias y ajenas -- _gUnidad 3 -- _tParques de singular belleza -- _gUnidad 4 -- _tMuchas culturas en una sola -- _gUnidad 5 -- _tEn defensa de la ley -- _gUnidad 6 -- _tEl sentido del deber -- _gUnidad 7 -- _tLa cultura del diálogo -- _gUnidad 8 -- _tSociedad del conocimiento -- _gUnidad 9 -- _tCultura de la solidaridad -- _gUnidad 10 -- _tLas vueltas de la vida / |
||
| 590 | _aInventariado, 2024/ YL | ||
| 650 | 4 | 0 |
_943315 _aLengua y literatura |
| 650 | 4 | 0 |
_95023 _aLiteratura _xEnseñanza |
| 700 | 1 |
_aGarcía Cartagena, Manuel _980475 |
|
| 700 | 1 |
_aGarcía Cartagena, Manuel _edirección _912067 |
|
| 700 | 1 |
_aAbad, José Luis _efotografía _984871 |
|
| 910 | _aYlockward | ||
| 942 |
_2ddc _cLBS1 |
||
| 999 |
_c55832 _d55832 |
||